[Event "Asia-ch Amateur"]
[Site "Muscat"]
[Date "2022.10.02"]
[Round "5"]
[White "Al Qudaimi, Abdullah"]
[Black "Khaleel, Shgaraf"]
[Result "0-1"]
[WhiteElo "1223"]
[BlackElo "1874"]
[PlyCount "36"]
[EventDate "2022.09.29"]
[EventType "swiss"]
[EventRounds "9"]
[EventCountry "OMN"]
[SourceTitle "CBM 210 Extra"]
[Source "ChessBase"]
[SourceDate "2022.11.30"]
[SourceVersion "1"]
[SourceVersionDate "2022.11.30"]
[SourceQuality "1"]

1. d4 Nf6 2. Nf3 d5 3. g3 Bf5 4. Bg2 h6 5. 0-0 e6 6. c4 c6 7. Nc3 Be7 8. Bf4 Nh5 9. Be5 Nd7 10. Nh4 Bxh4 11. gxh4 Nxe5 12. dxe5 Nf4 13. Qd4 Qxh4 14. Qe3 d4 15. Qg3 Nxg2 16. Qxg7 0-0-0 17. Qg3 Rhg8 18. Kxg2 dxc3 0-1

[Event "Asia-ch Amateur"]
[Site "Muscat"]
[Date "2022.09.30"]
[Round "2"]
[White "Khaleel, Shgaraf"]
[Black "Al Zadjali, Abdul Rahman"]
[Result "0-1"]
[WhiteElo "1874"]
[BlackElo "1534"]
[PlyCount "110"]
[EventDate "2022.09.29"]
[EventType "swiss"]
[EventRounds "9"]
[EventCountry "OMN"]
[SourceTitle "CBM 210 Extra"]
[Source "ChessBase"]
[SourceDate "2022.11.30"]
[SourceVersion "1"]
[SourceVersionDate "2022.11.30"]
[SourceQuality "1"]

1. c4 Nf6 2. Nf3 c6 3. g3 d5 4. d4 dxc4 5. Bg2 Bf5 6. Nc3 Nbd7 7. a4 a5 8. 0-0 e6 9. h3 Bb4 10. Bg5 h6 11. Bf4 Nd5 12. Bd2 N7f6 13. Ne5 Nb6 14. Bc1 Bxc3 15. bxc3 Ne4 16. Qc2 Nxg3 17. e4 Bxe4 18. Bxe4 Nxf1 19. Bg6 0-0 20. Bh7+ Kh8 21. Kxf1 g6 22. Bxg6 fxg6 23. Nxg6+ Kg7 24. Nxf8 Qxf8 25. Qe4 Qf5 26. Qh4 Qd3+ 27. Kg1 Qg6+ 28. Kh2 Nd5 29. Bd2 Kh7 30. Rg1 Qf6 31. Bg5 Qf8 32. Qe4+ Qf5 33. Qh4 Qf8 34. Rg2 b5 35. Qe4+ Qf5 36. Qh4 Qf8 37. Bc1 Ra7 38. Qh5 Nf4 39. Qf3 Rf7 40. Qe4+ Kh8 41. Qe5+ Kh7 42. Qe4+ Kh8 43. Rg4 Nd3 44. Bxh6 Rxf2+ 45. Kg3 Qd6+ 46. Kh4 Qe7+ 47. Kg3 Qd6+ 48. Kh4 Qe7+ 49. Kh5 Qf7+ 50. Kh4 Qe7+ 51. Kg3 Qd6+ 52. Kh4 Qe7+ 53. Kh5 Qf7+ 54. Qg6 Rf5+ 55. Rg5 Nf4+ 0-1